Innovations in the Management of E-Commerce: Analysis of Customer Interactions during the COVID-19 Pandemic

Popis zmien v správaní elektronického spotrebiteľa, ktoré nastali na trhu počas pandémie COVID-19. Skúmanie sezónnych a regionálnych špecifík, charakterizujúcich trhy strednej a východnej Európy. Zostavenie predbežnej verzie modelu dopadu pandémie COVID-19 na správanie zákazníka v online prostredí.

Salvato in:
Dettagli Bibliografici
Autore principale: Pollák, František, 1985-
Altri autori: Konečný, Michal, 1993-, Ščeulovs, Deniss
Natura: Capitolo di libro
Lingua:inglese
Soggetti:
Tags: Aggiungi Tag
Nessun Tag, puoi essere il primo ad aggiungerne!!

MARC

LEADER 00000naa a2200000 4500
001 0277688
005 20240618092848.7
041 0 |a eng 
044 |a CH 
245 1 0 |a Innovations in the Management of E-Commerce: Analysis of Customer Interactions during the COVID-19 Pandemic  |c František Pollák, Michal Konečný, Deniss Ščeulovs 
520 |a Popis zmien v správaní elektronického spotrebiteľa, ktoré nastali na trhu počas pandémie COVID-19. Skúmanie sezónnych a regionálnych špecifík, charakterizujúcich trhy strednej a východnej Európy. Zostavenie predbežnej verzie modelu dopadu pandémie COVID-19 na správanie zákazníka v online prostredí. 
610 2 0 |a inovácia 
610 2 0 |a obchod elektronický 
610 2 0 |a zákazníci 
610 2 0 |a siete sociálne 
610 2 0 |a správanie spotrebiteľa 
610 2 0 |a pandémia 
610 2 0 |a koronavírus 
100 1 |a Pollák, František, 1985- 
700 1 |a Konečný, Michal, 1993- 
700 1 |a Ščeulovs, Deniss